00321nam a22001337a 4500003000400000008004100004020001800045082001500063100002100078245002500099260003100124300001300155650001900168OSt240224b |||||||| |||| 00| 0 eng d a9780091929114 a650.1bFEH aFERRISS, Timothy aThe 4-Hour Work Week aLondon:bVermilion,c2011. axv,396p. aGeneral Books